Jazykovaja ličnosť političeskogo lidera (na primere krymskoj reči 2014 goda V. V. Putina)

Príspevok odhaľuje jazykovú osobnosť ruského prezidenta Vladimíra Putina. Je založený na analýze jeho prejavu na Kryme z roku 2014 a analyzuje techniky a taktiky, ktoré mu pomohli získať si uznanie a podporu ruského národa.

Guardado en:
Detalles Bibliográficos
Autor principal: Vazanova, Marina, 1976-
Otros Autores: Kim, Yuliya
Formato: Capítulo de libro
Lenguaje:ruso
Materias:
Etiquetas: Agregar Etiqueta
Sin Etiquetas, Sea el primero en etiquetar este registro!

MARC

LEADER 00000naa$a2200000$$$4500
001 0280810
005 20260210123038.3
041 0 |a rus 
044 |a RU 
245 1 0 |a Jazykovaja ličnosť političeskogo lidera (na primere krymskoj reči 2014 goda V. V. Putina)  |c Marina Vazanova, Yuliya Kim 
520 |a Príspevok odhaľuje jazykovú osobnosť ruského prezidenta Vladimíra Putina. Je založený na analýze jeho prejavu na Kryme z roku 2014 a analyzuje techniky a taktiky, ktoré mu pomohli získať si uznanie a podporu ruského národa. 
610 2 0 |a jazykoveda 
610 2 0 |a filológia 
610 2 0 |a rétorika 
610 2 0 |a prezidenti 
610 2 0 |a analýza obsahová 
610 2 0 |a vzťahy medzinárodné 
610 2 0 |a Rusko 
610 2 0 |a Ukrajina 
100 1 |a Vazanova, Marina, 1976- 
700 1 |a Kim, Yuliya